=LDR 00000nam 2200000 4500 =001 INLIS000000000051462 =005 20170925071821 =035 ##$$a 0010-0917000266 =007 ta =008 170925###########################0###### =020 ##$$a 978-602-7869-03-5 =082 ##$$a 658.1 =084 ##$$a 658.1 HER c =100 #$$a Hery =245 1#$$a Cara Cepat dan Mudah Memahami Pengantar Manjemen /$c Hery =260 ##$$a Yogyakarta :$b Gava Media,$c 2013 =300 ##$$a vii, 136 hlm : $b ilus. ; $c 23 cm =500 ##$$a Biografi : Hlm.135 =650 ##$$a Manajemen Organisasi =504 ##$$a Bibliografi : Hlm.133 =990 ##$$a 1145411454 =990 ##$$a 1145411454 =990 ##$$a 1145411454 =990 ##$$a 1145411454 =990 ##$$a 1145411454 =990 ##$$a 21702366 =990 ##$$a 01201711454 =990 ##$$a 01201711455 =990 ##$$a 01201711456 =990 ##$$a 01201711457 =990 ##$$a 21702367 =990 ##$$a 01201711454 =990 ##$$a 01201711455 =990 ##$$a 01201711456 =990 ##$$a 21702366 =990 ##$$a 21702368 =990 ##$$a 01201711454 =990 ##$$a 01201711455 =990 ##$$a 21702367 =990 ##$$a 21702366 =990 ##$$a 21702368 =990 ##$$a 01201711454 =990 ##$$a 01201711455 =990 ##$$a 21702367 =990 ##$$a 21702366 =990 ##$$a 21702369 =990 ##$$a 01201711454 =990 ##$$a 21702368 =990 ##$$a 21702367 =990 ##$$a 21702366 =990 ##$$a 21702370 =990 ##$$a 21702369 =990 ##$$a 21702368 =990 ##$$a 21702367 =990 ##$$a 21702366